Inovačná politika a inovačná výkonnosť

Inovačná politika a inovačná výkonnosť v Európskej únii. Inovácie a inovačný proces v Slovenskej republike.

Gespeichert in:
Bibliographische Detailangaben
1. Verfasser: Vidová, Jarmila, 1967-
Format: Buchkapitel
Sprache:Slowakisch
Schlagworte:
Tags: Tag hinzufügen
Keine Tags, Fügen Sie das erste Tag hinzu!

MARC

LEADER 00000naa$a2200000$$$4500
001 0260297
005 20240502074122.8
041 0 |a slo 
044 |a SK 
245 1 0 |a Inovačná politika a inovačná výkonnosť  |c Jarmila Vidová 
520 |a Inovačná politika a inovačná výkonnosť v Európskej únii. Inovácie a inovačný proces v Slovenskej republike. 
610 2 0 |a konkurencieschopnosť 
610 2 0 |a patenty 
610 2 0 |a inovácia 
610 2 0 |a politika inovačná 
100 1 |a Vidová, Jarmila, 1967-